000 00495nam a2200205Ia 4500
005 20250425160751.0
008 250425s9999 xx 000 0 und d
020 _a0471582433
041 _aeng
082 _a001.6424
100 _aMCCRACKEN, DANIEL D.
245 0 _aA GUIDE TO COBOL PROGRAMMING
250 _a2ND ED.
260 _aEstados Unidos
_bWILEY
_c1963
260 _aNEW YORK
300 _a209
650 _aCOBOL (LENGUAJE DE PROGRAMACION)
942 _c01
010 _a4793
999 _c195746
_d195746